| 000 | 00788nam a2200265 a 4500 | ||
|---|---|---|---|
| 008 | |||
| 020 | _a0333577647 (pbk.) | ||
| 049 | _aMAIN | ||
| 090 | _aHB172.5 | ||
| 100 | 1 | _aBarro, Robert J. | |
| 245 | 1 | 0 |
_aEuropean macroeconomics / _cRobert J. Barro and Vittorio Grilli. |
| 260 |
_aHoundmills, Basingstoke : _bMacmillan Press, _c1994. |
||
| 300 |
_aviii, 483 p. : _bill. ; _c26 cm. |
||
| 500 | _aIncludes index. | ||
| 504 | _aIncludes bibliographical references. | ||
| 650 | 0 | _aMacroeconomics. | |
| 650 | 0 |
_aEconomics _zEurope. |
|
| 653 | 0 | _aEconomic conditions | |
| 700 | 1 | 0 | _aGrilli, Vittorio. |
| 907 |
_a.b10154620 _b15-10-05 _c25-02-05 |
||
| 003 | |||
| 005 | 20230123133949.0 | ||
| 040 | _cNUST | ||
| 942 |
_cBOOKS _kHB172.5 |
||
| 999 |
_c157644 _d157644 |
||